Statistics for Countries of the World - Languages

Click here to take the quiz!

General Stats

  • This quiz has been taken 22 times
  • The average score is 1128 of 7351

Answer Stats

Country% Correct
Etats-Unis
68%
France
68%
Rússia
68%
Russia
68%
USA
68%
Albaania
63%
Albanía
63%
Albánia
63%
Albânia
63%
Albania
63%
Cin
63%
Portúgal
63%
Portugal
63%
Afghánistán
58%
Afghanistan
58%
Angóla
58%
Angola
58%
Brażil
58%
Brazil
58%
Canada
58%
Canadá
58%
Canadà
58%
Ca-na-đa
58%
Kāna
58%
Kanada
58%
Polen
58%
Algèria
53%
Algéria
53%
Algeria
53%
Andorra
53%
Armênia
53%
Armènia
53%
Armenia
53%
Armenía
53%
China
53%
India
53%
Iraan
53%
I-ran
53%
Irán
53%
Iran
53%
Iraq
53%
Ireland
53%
Israël
53%
Israel
53%
Italië
53%
Italie
53%
Itálie
53%
Jaapan
53%
Japán
53%
Japan
53%
Jordan
53%
Lát-vi-a
53%
Latvia
53%
Turkey
53%
Ucráin
53%
Ukrain
53%
Y
53%
Argentiina
47%
Argentina
47%
Arġentina
47%
Argentína
47%
Austraalia
47%
Austrālia
47%
Austràlia
47%
Austrália
47%
Australia
47%
Belarus
47%
Belgium
47%
Deutschland
47%
Dominica
47%
Egypt
47%
Estonia
47%
Estònia
47%
Estônia
47%
Libië
47%
Malaysia
47%
Mèxic
47%
Mexic
47%
Mongolia
47%
Mongòlia
47%
Mongólia
47%
Mongólía
47%
Netherlands
47%
Niġer
47%
Níger
47%
Niger
47%
Nigéria
47%
Nígería
47%
Nigèria
47%
Nigeria
47%
Omã
47%
Pakistan
47%
Pákistán
47%
Saudi Araabia
47%
Saudi Arabia
47%
Saudi-Arabia
47%
Singapor
47%
Singapôr
47%
Tai
47%
Thái Lan
47%
Y-ê-men
47%
Yemen
47%
Yəmən
47%
Yémen
47%
Bosnia-
42%
Bosnia
42%
Colombia
42%
Colòmbia
42%
Colômbia
42%
Cô-lôm-bi-a
42%
Columbia
42%
Cu-ba
42%
Cuba
42%
Cúba
42%
Ecuado
42%
Eþíópía
42%
Ethiopia
42%
Finland
42%
Finnland
42%
Iceland
42%
Indonèsia
42%
Indónesía
42%
Indonesia
42%
Indonésia
42%
Lebanon
42%
Líbýa
42%
Libya
42%
Líbya
42%
Liechtenstein
42%
Lithuānia
42%
Lithuania
42%
Malta
42%
Málta
42%
México
42%
Mexico
42%
Mônaco
42%
Mònaco
42%
Monaco
42%
Monacó
42%
Morocco
42%
Namibia
42%
Namibía
42%
Namíbia
42%
Namiibia
42%
Nepaal
42%
Nepál
42%
Népal
42%
Nepal
42%
Perù
42%
Perú
42%
Perū
42%
Peru
42%
Poland
42%
Pólland
42%
San Marino
42%
San Marinó
42%
San Maríno
42%
San-Marino
42%
Síerra Leóne
42%
Sierra Leone
42%
Singapore
42%
Somali
42%
Taiwan
42%
Taïwan
42%
Thailand
42%
Túnis
42%
Tunis
42%
Tunisia
42%
Tunísia
42%
Ukraine
42%
Vatican
42%
Vatikan
42%
Vatikán
42%
Venezuela
42%
Viëtnam
42%
Viêt Nam
42%
Vietnam
42%
Zambia
42%
Zimbabwe
42%
Austria
37%
Bahrain
37%
Barbado
37%
Barbadós
37%
Barbados
37%
Beliz
37%
Belize
37%
Beliże
37%
Benin
37%
Benín
37%
Bénin
37%
Brasil
37%
Búrma
37%
Burma
37%
Bu-run-đi
37%
Burundi
37%
Búrúndí
37%
Chi-lê
37%
Chile
37%
Costa Rica
37%
Costarica
37%
Croatia
37%
Croația
37%
Crô-a-ti-a
37%
Denmark
37%
Eacuadór
37%
Ecuador
37%
Geòrgia
37%
Geórgia
37%
Georgia
37%
Georgía
37%
Ghuine
37%
Guiné
37%
Guinea
37%
Guinea Bissau
37%
Guinea-Bissau
37%
Guy-a-na
37%
Guyana
37%
Haïti
37%
Ha-i-ti
37%
Haiti
37%
Haití
37%
Haítí
37%
Háítí
37%
Hondúras
37%
Hondūras
37%
Honduras
37%
Kazakhstan
37%
Kosovo
37%
Kosóvó
37%
Króatia
37%
Kroatia
37%
Lào
37%
Libéria
37%
Libèria
37%
Liberia
37%
Líbería
37%
Moldóva
37%
Moldova
37%
Mozambique
37%
Myanma
37%
Myanmar
37%
Omaan
37%
Omán
37%
O-man
37%
Oman
37%
Papua New Guinea
37%
Paragua
37%
Qatar
37%
Románia
37%
Romania
37%
România
37%
Rwanda
37%
Samó
37%
Sénégal
37%
Senegal
37%
Sèrbia
37%
Serbia
37%
Serbía
37%
Slovakia
37%
Slóvakía
37%
Slovakkia
37%
Slovenia
37%
Slóvenía
37%
Somaalia
37%
Somàlia
37%
Somália
37%
Sómalía
37%
Somalia
37%
Sudaan
37%
Sudán
37%
Sudan
37%
Súdan
37%
Súdán
37%
Surinam
37%
Súrinam
37%
Suriname
37%
Swede
37%
Sýria
37%
Syria
37%
Tanzania
37%
Tanzània
37%
Tanzánia
37%
Tanzânia
37%
Timor Leste
37%
Timor-Leste
37%
United Arab Emirates
37%
Użbekistan
37%
Uzbekistan
37%
Uzbekistán
37%
Vanúatú
37%
Vanuatú
37%
Vanuatu
37%
Azerbaijan
32%
Azerbaijin
32%
Bahama
32%
Baħamas
32%
Bahamas
32%
Bahama's
32%
Bangladeş
32%
Bangladeš
32%
Banglades
32%
Bangladéš
32%
Bhutan
32%
Bhután
32%
Bhútán
32%
Boliivia
32%
Bô-li-vi-a
32%
Bolivia
32%
Bólivía
32%
Bolívia
32%
Brunei
32%
Brúnei
32%
Bulgaaria
32%
Bulgária
32%
Bulgària
32%
Bulgaria
32%
Bułgaria
32%
Búlgaría
32%
Cambodia
32%
Cameroon
32%
Djibouti
32%
El Salvador
32%
Equatorialguinea
32%
Eritre
32%
Erítrea
32%
Eritrea
32%
Granada
32%
Greanáda
32%
Grenada
32%
Grê-na-đa
32%
Guatemala
32%
Hungary
32%
Jamaica
32%
Kambódía
32%
Kuwait
32%
Laos
32%
Luxembourg
32%
Luxemburg
32%
Macedónia
32%
Macedonia
32%
Madagascar
32%
Madagáscar
32%
Madagaskar
32%
Maldiv
32%
Maldive
32%
Maldives
32%
Mali
32%
Malí
32%
Micronesia
32%
Micronésia
32%
Míkrónesía
32%
Mikronesia
32%
Nauru
32%
New Zealand
32%
Nicaragua
32%
Nicarágua
32%
Nikaragua
32%
Panamà
32%
Panamā
32%
Panamá
32%
Panama
32%
Paraguay
32%
Phi-líp-pin
32%
Philippines
32%
Srí Lanka
32%
Sri Lanka
32%
Srilanka
32%
Sri-Lanka
32%
Sweden
32%
Tajikistan
32%
Tógó
32%
Togo
32%
Túrkmenistan
32%
Turkmenistán
32%
Turkménistan
32%
Turkmenistan
32%
Türkmənistan
32%
Türkmenistan
32%
Ucraïna
32%
U-crai-na
32%
Ucraina
32%
Uganda
32%
Ukraína
32%
Ukraina
32%
Uruguay
32%
Botswana
26%
Chad
26%
Cô-mo
26%
Comoros
26%
Congo
26%
Côte d'Ivoire
26%
Cote d'Ivoire
26%
Cypr
26%
Cyprus
26%
Fiji
26%
Gabon
26%
Gàmbia
26%
Gâmbia
26%
Gambía
26%
Gambia
26%
Géorgie
26%
Georgië
26%
Island
26%
Kenýa
26%
Kenya
26%
Kiribatí
26%
Kiribati
26%
Kyrgyzstán
26%
Kyrgyzstan
26%
Lesotho
26%
Malawi
26%
Marshall
26%
Mauritaania
26%
Mauritania
26%
Mauritânia
26%
Mauritānia
26%
Mauritánia
26%
Mauritània
26%
Mauritius
26%
Montenegro
26%
Monténégro
26%
Montenegró
26%
Palá
26%
Saint Lucia
26%
Saint Vincent
26%
Samoa
26%
Samóa
26%
Sao Tome
26%
São Tomé and Príncipe
26%
Seychelle
26%
Seychelles
26%
Solomon
26%
St. Lucia
26%
Suomi
26%
Tonga
26%
Túvalú
26%
Tuvalu
26%
Urugua
26%
Albanie
21%
Albanië
21%
Albánie
21%
Austrálie
21%
Australie
21%
Australië
21%
Bangladesch
21%
Bangladesh
21%
Bangla Desh
21%
België
21%
Belgie
21%
Bosnië
21%
Brasiilia
21%
Brasília
21%
Brasilia
21%
Búrkína Fasó
21%
Burkina-Faso
21%
Burkina Faso
21%
Croatie
21%
Eswatini
21%
Francia
21%
Iraak
21%
Irák
21%
Irak
21%
Irland
21%
Itaalia
21%
Itàlia
21%
Itália
21%
Italía
21%
Italia
21%
Kazakstan
21%
Kroatië
21%
Nederland
21%
Norge
21%
Palau
21%
Pole
21%
Rumani
21%
Russie
21%
Swaziland
21%
Sważiland
21%
Turkki
21%
Albanien
16%
Algerie
16%
Algerië
16%
Algérie
16%
Andorre
16%
Armenië
16%
Arménie
16%
Belgia
16%
Belgía
16%
Belgien
16%
Brasilien
16%
Bulgarie
16%
Cabo Verde
16%
Chine
16%
Colombie
16%
Danmark
16%
Dominika
16%
Dóminíka
16%
Eesti
16%
Egypte
16%
Eire
16%
Estonie
16%
Ethiopie
16%
Ethiopië
16%
Filippin
16%
Finlande
16%
Finlandia
16%
Finlàndia
16%
Finlândia
16%
Gambië
16%
Gambie
16%
Georgien
16%
Ghána
16%
Ghana
16%
Grèce
16%
Holland
16%
Hrvatska
16%
Indonésie
16%
Indonesië
16%
Kabo Verde
16%
Kabo-Verde
16%
Kōngo
16%
Kongo
16%
Kypr
16%
Lietuva
16%
Maroc
16%
Marroc
16%
Mexique
16%
Osterreich
16%
Pologne
16%
Polska
16%
Schweiz
16%
Serbie
16%
Suède
16%
Suisse
16%
Tchad
16%
Turki
16%
Argentine
11%
Armenien
11%
Australien
11%
Autriche
11%
Bahrein
11%
Bahreïn
11%
Barbade
11%
Bolivie
11%
Bolívie
11%
Brasilië
11%
Bulgarien
11%
Chili
11%
Cile
11%
Cilė
11%
Cypern
11%
Egypten
11%
Egypti
11%
Ekuador
11%
Espanja
11%
Estados Unidos
11%
Ethiopien
11%
Etiòpia
11%
Etiopia
11%
Etiópia
11%
Fidji
11%
Filippine
11%
Finlanda
11%
França
11%
Grenade
11%
Guinee
11%
Guinée
11%
Hellas
11%
Inde
11%
Indien
11%
Indonesien
11%
Irlande
11%
Islande
11%
Islandia
11%
Islàndia
11%
Islândia
11%
Italien
11%
Jordanie
11%
Jordanië
11%
Kameron
11%
Kamerún
11%
Kamerun
11%
Kenia
11%
Kēnia
11%
Kiina
11%
Kína
11%
Kina
11%
Komor
11%
Komore
11%
Kosova
11%
Kroatien
11%
Küba
11%
Kúba
11%
Kuba
11%
Kypros
11%
Latvija
11%
Lettonie
11%
Líban
11%
Liban
11%
Libye
11%
Libyen
11%
Lituanie
11%
Makedónía
11%
Makedonia
11%
Marocko
11%
Marokko
11%
Marokkó
11%
Mauritánie
11%
Mauritanie
11%
Mauritanië
11%
Mexíkó
11%
Mexiko
11%
Mexikó
11%
Mikronesië
11%
Mikronésie
11%
Moçambique
11%
Moldavië
11%
Moldavie
11%
Mónakó
11%
Monako
11%
Mongolie
11%
Mongolië
11%
Namibie
11%
Namibië
11%
Nord-Korea
11%
Nordkorea
11%
Norvège
11%
Paraguai
11%
Polònia
11%
Polonia
11%
Polōnia
11%
Polônia
11%
República
11%
Rossiya
11%
Roumanie
11%
Royaume-Uni
11%
Rusia
11%
Saint-Marin
11%
Salvador
11%
Salvádor
11%
Sambia
11%
Sát
11%
Slovénie
11%
Slovenië
11%
Somalië
11%
Somalie
11%
Spanien
11%
Storbritannien
11%
Sudafrica
11%
Sud-àfrica
11%
Suria
11%
Sverige
11%
Syrie
11%
Syrië
11%
Sýrie
11%
Taíland
11%
Tailand
11%
Tunisie
11%
Tunisië
11%
Türkiyə
11%
Türkiye
11%
Turquie
11%
Tyskland
11%
Umman
11%
Uruguai
11%
Afeganistão
5%
Affganistan
5%
Afganistan
5%
Afrique du Sud
5%
Alankomaat
5%
Albanija
5%
Albaniya
5%
Algerien
5%
Algeriet
5%
Allemagne
5%
An-ba-ni
5%
Andora
5%
An-đô-ra
5%
Andóra
5%
Antigua a Barbuda
5%
Antigua-et-Barbuda
5%
Antigua och Barbuda
5%
Arabie Saoudite
5%
Armėnija
5%
Armenija
5%
Austrija
5%
Azerbaidjan
5%
Azerbaïdjan
5%
Azerbaidžan
5%
Azərbaycan
5%
Azerbaycan
5%
Bahame
5%
Bahamos
5%
Beliza
5%
Bhoutan
5%
Bhútáin
5%
Bielorrússia
5%
Bielorussia
5%
Bielorússia
5%
Biélorussie
5%
Bocvana
5%
Bolifia
5%
Bolivien
5%
Bosnien-Hercegovina
5%
Botsvana
5%
Brasile
5%
Brazília
5%
Brazilia
5%
Brazílie
5%
Brazilië
5%
Brésil
5%
Burundia
5%
Butan
5%
Bútan
5%
Bu-tan
5%
Cambodge
5%
Cameroun
5%
Camerun
5%
Cáp Ve
5%
Cap-Vert
5%
Cechia
5%
Centralafrikanska
5%
Chade
5%
Chilia
5%
Chypre
5%
Ciad
5%
Cína
5%
Cina
5%
Città del Vaticano
5%
Comore
5%
Comores
5%
Crna gora
5%
Crna Gora
5%
Dänemark
5%
Danemark
5%
Dinamarca
5%
Djíbútí
5%
Dominikaaninen
5%
Dominikanska republiken
5%
Dominique
5%
Ecwador
5%
Ekvatorialguinea
5%
Ekvatorial-Guinea
5%
Ekwador
5%
Elfenbenskusten
5%
Emirats Arabes Unis
5%
Equateur
5%
Erythrée
5%
Eslovàquia
5%
Eslováquia
5%
Eslovénia
5%
Eslovènia
5%
Espagne
5%
Espanya
5%
Estland
5%
Estonija
5%
Estoniya
5%
Etelä-Afrikka
5%
Filippiinit
5%
Filippinerna
5%
Förenade Arabemiraten
5%
Frankreich
5%
Frankrike
5%
Fransa
5%
Franza
5%
Gaboen
5%
Gaiana
5%
Gambija
5%
Gambiya
5%
Gayana
5%
Germania
5%
Germānia
5%
Grécia
5%
Grècia
5%
Grecia
5%
Grekland
5%
Griechenland
5%
Guatamala
5%
Guineea
5%
Guinée Équatoriale
5%
Hayti
5%
Hondures
5%
Hungaria
5%
Iles Marshall
5%
Illes Marshall
5%
Indië
5%
Indie
5%
Indoneesia
5%
Intia
5%
Irāki
5%
Irania
5%
Irlanda
5%
Irlandia
5%
Irlanti
5%
Islanda
5%
Islanti
5%
Israele
5%
Israil
5%
Italiya
5%
Italya
5%
Izland
5%
Jamaika
5%
Jamaíka
5%
Jamaïque
5%
Japó
5%
Japon
5%
Jemen
5%
Jordaania
5%
Jordânia
5%
Jordania
5%
Jordánia
5%
Jordània
5%
Jórdanía
5%
Jordanien
5%
Kameroen
5%
Kap Verde
5%
Kazakistan
5%
Każakistan
5%
Keňa
5%
Kenija
5%
Keniya
5%
Kipr
5%
Kipro
5%
Kirgizstan
5%
Kolombia
5%
Kolumbia
5%
Kólumbia
5%
Komorerna
5%
Komoro
5%
Komoros
5%
Kongo-Brazzaville
5%
Kongo-Kinshasa
5%
Koweït
5%
Kreikka
5%
Latviya
5%
Letonia
5%
Letònia
5%
Letónia
5%
Lettland
5%
Lettonia
5%
Lëtzebuerg
5%
Libano
5%
Líbano
5%
Libanon
5%
Líbanon
5%
Liberië
5%
Libérie
5%
Liberija
5%
Liberiya
5%
Li-bi
5%
Líbia
5%
Libia
5%
Liettua
5%
Liibanon
5%
Litaue
5%
Litauen
5%
Lituània
5%
Lituania
5%
Lituânia
5%
Lübnan
5%
Macédoine du Nord
5%
Magyarország
5%
Makedonie
5%
Makedonien
5%
Malaisie
5%
Maldiverna
5%
Maldivi
5%
Malediivit
5%
Malesia
5%
Malte
5%
Marocco
5%
Marokk
5%
Marshallöarna
5%
Maurice
5%
Meksiko
5%
Mikronesien
5%
Moldavien
5%
Mongoliet
5%
Moroco
5%
Mosambiik
5%
Mósambík
5%
Mosambik
5%
Namibija
5%
Namibiya
5%
Namipia
5%
Namīpia
5%
Nederländerna
5%
Niemcy
5%
Nigerië
5%
Nigérie
5%
Nikarāhua
5%
Nordmakedonien
5%
Noruega
5%
Nouvelle-Zélande
5%
Nya Zeeland
5%
Omania
5%
Osterrike
5%
Ost-Timor
5%
Osttimor
5%
Ouzbékistan
5%
Päiväntasaajan Guinea
5%
Papouasie-Nouvelle-
5%
Papua Nya Guinea
5%
Papua-Uusi-Guinea
5%
Pays-Bas
5%
Pérou
5%
Pilipínas
5%
Polani
5%
Polsha
5%
Portogallo
5%
Portugali
5%
Puola
5%
Ranska
5%
Repubblica Dominicana
5%
Repubblika
5%
Republica Dominicană
5%
Republica Dominicana
5%
República Dominicana
5%
Republik
5%
Republika
5%
République Centrafricaine
5%
République Démocratique
5%
République Dominicaine
5%
République du Congo
5%
République Tchèque
5%
Romanya
5%
Ruanda
5%
Ru-an-đa
5%
Rúanda
5%
Rumänien
5%
Rumanija
5%
Rumenia
5%
Rúmenía
5%
Ruotsi
5%
Rusland
5%
Russland
5%
Rússland
5%
Ryssland
5%
Sainte-Lucie
5%
Saint Kitts och Nevis
5%
Saint Vincent an
5%
Saint Vincent e
5%
Saint Vincent och
5%
Saksa
5%
Salomonsaaret
5%
Serbien
5%
Seychellerna
5%
Simbabwe
5%
Singapour
5%
Singapúr
5%
Singapur
5%
Singapura
5%
Slovakien
5%
Slovakija
5%
Slovakiya
5%
Slovaquie
5%
Slovenien
5%
Somalija
5%
Soudan
5%
Soudan du Sud
5%
Südafrika
5%
Südkorea
5%
Südsudan
5%
Sud Sudan
5%
Suècia
5%
Suécia
5%
Sveits
5%
Sveitsi
5%
Svizra
5%
Switserland
5%
Sydafrika
5%
Sydkorea
5%
Sydsudan
5%
Syrien
5%
Syyria
5%
Tansaania
5%
Tansanïa
5%
Tansania
5%
Tansanía
5%
Tanska
5%
Tanzanië
5%
Tanzanie
5%
Tanżanija
5%
Tanzanija
5%
Tanzaniya
5%
Thaïlande
5%
Thailandia
5%
Thaimaa
5%
Tjeckien
5%
Trinidad a Tobago
5%
Trinité-et-Tobago
5%
Tšaad
5%
Tšad
5%
Tšekki
5%
Tunisien
5%
Turkiet
5%
Turkiya
5%
Turquia
5%
Ucrânia
5%
Ungern
5%
Ungheria
5%
Unkari
5%
Valko-Venäjä
5%
Vaticano
5%
Vatikaanivaltio
5%
Vatikano
5%
Vatikanstaten
5%
Venäjä
5%
Venesuela
5%
Venesúela
5%
Veneżwela
5%
Verenigde Arabiese Emirate
5%
Vietname
5%
Vijetnam
5%
Viro
5%
Vjetnam
5%
Xile
5%
Xina
5%
Yhdistyneet
5%
Yhdysvallat
5%
Zambie
5%
Zambië
5%
Zambija
5%
Zambiya
5%
Zimbábue
5%
Aai o Vatikana
0%
Achentia
0%
Acmenia
0%
Adéc-bai-gian
0%
Aegyptus
0%
Aekvatorialguinea
0%
Aequatoria
0%
Aethiopia
0%
Aetóip
0%
Afakanisitana
0%
Aferika i Saute
0%
Aferika i Tutotonu
0%
Afganastáin
0%
Afgania
0%
Afganio
0%
Afganistanas
0%
Afganisztán
0%
Afgʻoniston
0%
Afraice Láir
0%
Afraic Theas
0%
Africa Austrālis
0%
Africa dal Sid
0%
Africa de Sud
0%
Africa do Sul
0%
Afrika Selatan
0%
Afrika Tengah
0%
Afrika t'Isfel
0%
Agypten
0%
Ahia
0%
Aialani
0%
Ai-cập
0%
Aifft
0%
Aikupito
0%
Ailgéir
0%
Airangi
0%
Airgintín
0%
Airija
0%
Airméin
0%
Aise
0%
Aiselani
0%
Aitiope
0%
Aitu Solomono
0%
Ai-xơ-len
0%
Aketina
0%
Albáin
0%
Albanio
0%
Albánsko
0%
Albanya
0%
Alemanha
0%
Alemanya
0%
Alġerija
0%
Algerije
0%
Alĝerio
0%
Algerium
0%
Algieria
0%
Aljazair
0%
Almaen
0%
Almaniya
0%
Almanya
0%
Alsír
0%
Alžeeria
0%
Alžir
0%
Alžirija
0%
Alžírsko
0%
Alžyras
0%
Ameerika Ühendriigid
0%
Amenia
0%
Amerika Birləşmiş Ştatları
0%
Amerika Qo'shma Shtatlari
0%
Amerika Serikat
0%
Anakora
0%
Anatōra
0%
An Ðộ
0%
Andoro
0%
Ang Gambiya
0%
Anggola
0%
An-giê-ri
0%
Angolia
0%
Angolo
0%
Anqola
0%
An-ti-goa và Bác-bu-đa
0%
Antigua agus Barbúda
0%
Antigua at Barbuda
0%
Antigua dan Barbuda
0%
Antigua e Barbuda
0%
Antígua e Barbuda
0%
Antigua en Barbuda
0%
Antigua és Barbuda
0%
Antigua i Barbuda
0%
Antigua ja Barbuda
0%
Antigua ma Barbuda
0%
Antigua og Barbuda
0%
Antigua și Barbuda
0%
Antigua und Barbuda
0%
Antigua va Barbuda
0%
Antigua ve Barbuda
0%
Antigva i Barbuda
0%
Antigva in Barbuda
0%
Antigva ir Barbuda
0%
Antígva og Barbúda
0%
Antigvo kaj Barbudo
0%
Antigwa a Barbiwda
0%
Antigwa u Barbuda
0%
Antiqua et Barbuda
0%
Antiqua və Barbuda
0%
Ao
0%
Aontas na
0%
Aotearoa
0%
Ao Tome me Pirinihipi
0%
Apganistan
0%
Apganixtan
0%
Aprika
0%
Aquatorial-Guinea
0%
Araabia Ühendemiraadid
0%
Arabacha
0%
Arabaidd Unedig
0%
Arabesch Emiraten
0%
Arabia Saudiāna
0%
Aràbia Saudita
0%
Arábia Saudita
0%
Arabia Saudita
0%
Arabia Saudită
0%
Arabia Saudyjska
0%
Arab Saudi
0%
Arabskie
0%
Araib Shádach
0%
Arapeinia
0%
Arapski Emirati
0%
Aratiria
0%
Arfordir Ifori
0%
Argélia
0%
Argentinia
0%
Argentinië
0%
Argentinien
0%
Argentino
0%
Argentyna
0%
Arhentina
0%
Ariannin
0%
Arjantin
0%
Armaniston
0%
Armeenia
0%
Armenio
0%
Armenja
0%
Arménsko
0%
Armenya
0%
Arnavutluk
0%
Arập Saudi
0%
Arập Thống nhất
0%
Asarbaiseáin
0%
Aserbaidschan
0%
Aserbaídsjan
0%
Aserbaidžaan
0%
Aserbaijan
0%
Aserbajdsjan
0%
Aserbeidschan
0%
Astralía
0%
Atenitina
0%
Atepaihānia
0%
Ateria
0%
Athiopien
0%
Atropatene
0%
Ausetalia
0%
Australija
0%
Aŭstralio
0%
Aŭstrio
0%
Austur-Kongó
0%
Austurríki
0%
Austur-Tímor
0%
Ausztrália
0%
Ausztria
0%
Avganistan
0%
Avstralija
0%
Avstraliya
0%
Avstrija
0%
Avstriya
0%
Avustralya
0%
Avusturya
0%
Awhekenetāna
0%
Awherika
0%
Awherika-ki-te-Tonga
0%
Awstralia
0%
Awstralja
0%
Awstria
0%
Awstrija
0%
Awstrya
0%
Azerbaidžanas
0%
Azerbaijão
0%
Azerbajdžan
0%
Azerbájdžán
0%
Azerbajdzjan
0%
Azerbajdzsán
0%
Ażerbajġan
0%
Azerbajĝano
0%
Azerbeidjan
0%
Azerbeidzjan
0%
Azerbejdżan
0%
Azerbejdžan
0%
Bỉ
0%
Bác-ba-đốt
0%
Bagama orollari
0%
Baham adaları
0%
Bahamaeyjar
0%
Bahámaí
0%
Bahamalar
0%
Bahama-szigetek
0%
Ba-ha-mát
0%
Bahames
0%
Bahami
0%
Bahamoj
0%
Bahamy
0%
Baharina
0%
Bahrajn
0%
Bahrayn
0%
Bahreinas
0%
Baħrejn
0%
Bahreyn
0%
Bairéin
0%
Ba Lan
0%
Baltarusija
0%
Ba Nà Mã
0%
Bandaríkin
0%
Bangladešas
0%
Bangladesha
0%
Bangladesj
0%
Bangladeŝo
0%
Bangladess
0%
Bangladesz
0%
Bãng-la-ðét
0%
Bangladexx
0%
Banqladeş
0%
Ba-ranh
0%
Barato
0%
Barbadosas
0%
Barbata
0%
Barein
0%
Barejno
0%
Bờ Biển Ngà
0%
Bồ-đào-nha
0%
Beinin
0%
Belanda
0%
Belarusiya
0%
Bê-la-rút
0%
Belarws
0%
Belavia
0%
Belçika
0%
Bélgica
0%
Bèlgica
0%
Belgicko
0%
Belgija
0%
Belgio
0%
Belgique
0%
Belgiya
0%
Belġju
0%
Belhika
0%
Belîs
0%
Belís
0%
Bê-li-xê
0%
Belizas
0%
Belizo
0%
Belorusija
0%
Belorusio
0%
Bělorusko
0%
Belorussia
0%
Belsch
0%
Belt tal-Vatikan
0%
Bê-nanh
0%
Benim
0%
Beninas
0%
Benino
0%
Beninum
0%
Beyaz Rusya
0%
Bhanglaidéis
0%
Bhealarúis
0%
Bheilg
0%
Bheilís
0%
Bhoetan
0%
Bhoisnia-
0%
Bholaiv
0%
Bhotsuáin
0%
Bhrasaíl
0%
Bәhreyn
0%
Bhulgáir
0%
Bhurúin
0%
Bhwtan
0%
Białoruś
0%
Bielorusko
0%
Birlashgan Arab Amirliklari
0%
Birlashgan Qirollik
0%
Birleşik Arap
0%
Birleşik Devletler
0%
Birleşik Krallık
0%
Birləşmiş Ərəb Əmirlikləri
0%
Birma
0%
Birmania
0%
Birmânia
0%
Birmània
0%
Birmanie
0%
Birmanya
0%
Birmo
0%
Bisau Gvinėja
0%
Bissau-Guinea
0%
Bjelorusija
0%
Bjelorussja
0%
Bocvano
0%
Bolgarija
0%
Bolgariya
0%
Bolivija
0%
Bolivio
0%
Boliviya
0%
Bolivja
0%
Bolivya
0%
Boliwia
0%
Bolqarıstan
0%
Bosna a
0%
Bosna a Hercegovina
0%
Bosna-Hersek
0%
Bosna i
0%
Bosna in Hercegovina
0%
Bosnia at
0%
Bosnia dan Herzegovina
0%
Bosnia ed Erzegovina
0%
Bósnia e Herzegovina
0%
Bosnia et
0%
Bosnia-Hercegovina
0%
Bòsnia i
0%
Bośnia i Hercegowina
0%
Bosnia ja
0%
Bosnia ja Hertsegoviina
0%
Bosnia ma
0%
Bosnía og
0%
Bosnia și
0%
Bosnie-Herzégovine
0%
Bosnië-Herzegowina
0%
Bosnien an
0%
Bosnien och
0%
Bosnien und
0%
Bosnija ir
0%
Bosnio kaj
0%
Bosniya va Gersegovina
0%
Bosniya ve Herseqovina
0%
Bosnja-
0%
Bosznia-Hercegovina
0%
Botsuana
0%
Bô-xni-a và
0%
Böyük Britaniya
0%
Bra-xin
0%
Brazilija
0%
Braziliya
0%
Brazilo
0%
Brazylia
0%
Bretland
0%
Brezilya
0%
Britio
0%
Broenei
0%
Brúiné
0%
Bru-nây
0%
Bruneium
0%
Brunej
0%
Brunejo
0%
Brunėjus
0%
Bruney
0%
Brwnei
0%
Bốt-xoa-na
0%
Buốc-ki-na-pha-xô
0%
Bugarska
0%
Buircíne Fasó
0%
Bulgarija
0%
Bulgarije
0%
Bulgario
0%
Bulgaristan
0%
Bulgarya
0%
Bulgarye
0%
Bulharsko
0%
Bulibya
0%
Bultalia
0%
Bun-ga-ri
0%
Burcina Faso
0%
Burkina Fasas
0%
Burkino
0%
Burundis
0%
Burundo
0%
Butanas
0%
Butania
0%
Butano
0%
Butão
0%
Bwlgaria
0%
Bwrcina Ffaso
0%
Bwrwndi
0%
Byetnam
0%
Các Tiểu Vương quốc
0%
Cad
0%
Cadas
0%
Ca-dắc-xtan
0%
Cado
0%
Camarões
0%
Camarún
0%
Cambodgia
0%
Cambodja
0%
Cambodscha
0%
Cambogia
0%
Camboja
0%
Cambosia
0%
Camerŵn
0%
Cammarunia
0%
Cam-pu-chi-a
0%
Canolbarth Affrica
0%
Capo Verde
0%
Capul Verde
0%
Cap Verd
0%
Casachia
0%
Casachstan
0%
Ca-ta
0%
Catar
0%
Cathair na Vatacáine
0%
Cazaquistão
0%
Ceanada
0%
Cehia
0%
Ceĥio
0%
Cekija
0%
Cekja
0%
Ceko
0%
Cekya
0%
Cenia
0%
Centraal-Afrikaanse
0%
Centr-Afriko
0%
Centralafrikanske Republik
0%
Centralnoafrička
0%
Centrinės Afrikos
0%
Centro-Africana
0%
Centru-Afrikana
0%
Cənubi Afrika Respublikası
0%
Cənubi Koreya
0%
Cənubi Sudan
0%
Cerná Hora
0%
Ceška
0%
Ceška Republika
0%
Ceská Republika
0%
Cesko
0%
Cex Respublikası
0%
Cezayir
0%
Chambóid
0%
Chasacstáin
0%
Chéinia
0%
Chernogoriya
0%
Chexiya
0%
Chiny
0%
Chipir
0%
Chipre
0%
Chirgeastáin
0%
Chirgisia
0%
Chóiré Theas
0%
Chóiré Thuaidh
0%
Cholóim
0%
Chongó
0%
Chorvatsko
0%
Chorvátsko
0%
Chorwacja
0%
Chosaiv
0%
Chróit
0%
Cibuti
0%
Cierna Hora
0%
Cili
0%
Cilio
0%
Cinio
0%
Cínská lidová
0%
Cínská republika
0%
Cipar
0%
Ciper
0%
Cipra
0%
Cipro
0%
Cipru
0%
Ciprus
0%
Cireabaití
0%
Cirgistan
0%
Ciribati
0%
Ciutat del Vaticà
0%
Cīvitās Vāticāna
0%
Civitates Foederatae Americae
0%
Ciwait
0%
Ciwba
0%
Cộng hoà Công gô
0%
Cộng hoà dân
0%
Cộng hoà Đô-mi-ni-ca-na
0%
Cộng hoà Trung Phi
0%
Coasta de Fildeș
0%
Comoras
0%
Comoren
0%
Comorerne
0%
Comore-szigetek
0%
Cô-oét
0%
Corea Australis
0%
Corea dal Nord
0%
Corea dal Sid
0%
Corea del Nord
0%
Corea del nord
0%
Corea del Sud
0%
Corēa Septentriōnālis
0%
Coreea de Nord
0%
Coreea de Sud
0%
Corée du Nord
0%
Corée du Sud
0%
Coreia do Norte
0%
Coreia do Sul
0%
Cosofo
0%
Cosovo
0%
Costa d'Avorio
0%
Costa d'Ivur
0%
Costa do Marfim
0%
Cósta Ríce
0%
Cô-xô-vô
0%
Croàcia
0%
Croácia
0%
Croazia
0%
Csád
0%
Cseh Köztársaság
0%
Cuáit
0%
Cumhuriyeti
0%
Cư-rơ-gư-dơ-xtan
0%
Cuvaitum
0%
Czad
0%
Czarnogóra
0%
Czechy
0%
Dācorōmānia
0%
Dài Loan
0%
Däitschland
0%
Dăm-bi-a
0%
Danemarc
0%
Danemarca
0%
Dania
0%
Dānia
0%
Dánia
0%
Danija
0%
Danimarca
0%
Danimarka
0%
Danio
0%
Daniya
0%
Dan Mạch
0%
Danmhairg
0%
Danmörk
0%
Danska
0%
Dánsko
0%
Dức
0%
Ddemocrataidd
0%
De Affrica
0%
De Corea
0%
De forente arabiske
0%
Dél-afrikai Köztársaság
0%
Del Congo
0%
Dél-Szudán
0%
De Micronèsia
0%
Democratische Republiek Congo
0%
Demokratesch
0%
Demokratická republika
0%
Demokratiese Republiek
0%
Demokratik Kongo
0%
Demokratikong Republika
0%
Demokratikus Köztársaság
0%
Demokratische
0%
Demokratiske
0%
Demokratska
0%
Demokratska Republika
0%
Demokratyczna
0%
Den demokratiske
0%
Den dominikanske
0%
Denemarke
0%
Denemarken
0%
Denmarc
0%
Den sentralafrikanske
0%
De Swdan
0%
Devletleri
0%
Deyrnas Unedig
0%
Dhoiminiceach
0%
Diobúití
0%
Djiboeti
0%
Doğu Timor
0%
Doiminice
0%
Domingo
0%
Dominicaanse Republiek
0%
Dominikaani Vabariik
0%
Dominikaanse Republiek
0%
Dominikai Közösség
0%
Dominikai Köztársaság
0%
Dominikana
0%
Dominikanesch
0%
Dominikanische
0%
Dominikan Respublikası
0%
Dominikanska Republika
0%
Dominikánska republika
0%
Dominikánská republika
0%
Dominikanska republika
0%
Dominikanske Republik
0%
Dominika Respublikasi
0%
Dominik Cumhuriyeti
0%
Dominiko
0%
Dominikos Respublika
0%
Dóminíska Lyðveldið
0%
Dông Ti-mo
0%
Dramblio Kaulo Krantas
0%
Države
0%
Dschibuti
0%
Duitsland
0%
Dwyrain Timor
0%
Džibuti
0%
Dżibuti
0%
Džibutis
0%
Džibutsko
0%
Dzsibuti
0%
Eastóin
0%
Ebur-Bordo
0%
Efiopiya
0%
Efqanıstan
0%
Egipat
0%
Egipt
0%
Egipta
0%
Egiptas
0%
Egipte
0%
Egiptio
0%
Egiptus
0%
Egito
0%
Egitto
0%
Eġittu
0%
Egyenlítői-Guinea
0%
Egyesült Államok
0%
Egyesült Arab Emírségek
0%
Egyesült Királyság
0%
Egyiptom
0%
Egyptaland
0%
Ehipto
0%
Eidal
0%
Eigipt
0%
Eilvéis
0%
Eimin
0%
Eiritré
0%
Eistland
0%
Eisträich
0%
Ekuatoa
0%
Ekvádor
0%
Ekvador
0%
Ekvadoras
0%
Ekvadoro
0%
Ekvatora Gvineo
0%
Ekvator Ginesi
0%
Ekvator Gvineyasi
0%
Ekvatoriaal-Guinea
0%
Ekvatorialna Gvineja
0%
Ekvatorial Qvineya
0%
Ekvatorijalna Gvineja
0%
Ekvatorska Gvineja
0%
Ekwatoriaal-Guinee
0%
Elcəzair
0%
Elefántcsontpart
0%
Eleni
0%
Elevandiluurannik
0%
Elfenbeinküste
0%
Elfenbenskysten
0%
El Salfador
0%
Elveția
0%
Emiradau
0%
Emirados Árabes
0%
Emirate
0%
Emiratele Arabe Unite
0%
Emiraten
0%
Emirater
0%
Emirati
0%
Emirati Arabi Uniti
0%
Emirati Għarab
0%
Emirats Arabs Unids
0%
Emirats Àrabs Units
0%
Emiratus Arabi Uniti
0%
Emirlikleri
0%
Emyratai
0%
Endonezya
0%
En Xan-va-đo
0%
Equador
0%
Equatoriaal-Guinea
0%
Eritēria
0%
Eritorea
0%
Eritreea
0%
Eritreia
0%
Eritreja
0%
Eritrėja
0%
Eritreo
0%
Eritreya
0%
Ermənistan
0%
Ermenistan
0%
Eron
0%
Erythraea
0%
Erytrea
0%
Esitonia
0%
Eslobakya
0%
Eslobenya
0%
Espanha
0%
Essuatíni
0%
Estados Federados da
0%
Estats Federats
0%
Estats Units
0%
Estija
0%
Estonio
0%
Estonja
0%
Estonsko
0%
Estónsko
0%
Estonya
0%
Esvatini
0%
Esvatinis
0%
Esztország
0%
Etats Fédérés de Micronésie
0%
Etelä-Korea
0%
Etelä-Sudan
0%
Etioopia
0%
Etiopie
0%
Etiopien
0%
Etiopija
0%
Etiopio
0%
Etiyopya
0%
Etjopja
0%
Etonia
0%
E-xtô-ni-a
0%
Falani
0%
Fanwatw
0%
Fas
0%
Fatican
0%
Federasi Mikronesia
0%
Federativní státy
0%
Fehéroroszország
0%
Feneswela
0%
Ffiji
0%
Ffindir
0%
Ffrainc
0%
Fhionlainn
0%
Fhrainc
0%
Fici
0%
Fídjieyjar
0%
Fidschi
0%
Fidsí
0%
Fidżi
0%
Fidži
0%
Fidžis
0%
Fidzsi-szigetek
0%
Fietnam
0%
Fiġi
0%
Figi
0%
Fiĝio
0%
Fílabeinsströndin
0%
Fildişi Sahili
0%
Filipaina
0%
Filipiinid
0%
Filipijnen
0%
Filipina
0%
Filipinai
0%
Filipinas
0%
Filipine
0%
Filipines
0%
Filipini
0%
Filipinler
0%
Filipinoj
0%
Filipiny
0%
Filipíny
0%
Filippinas
0%
Filippinene
0%
Filippinerne
0%
Filippini
0%
Filippseyjar
0%
Filippyne
0%
Finelani
0%
Finlandiya
0%
Finlandja
0%
Finnia
0%
Finnlando
0%
Finnország
0%
Finska
0%
Finsko
0%
Fínsko
0%
Fiti
0%
Föderierte Staaten
0%
Foederatorum Civitates Micronesiae
0%
Forenede Arabiske
0%
Frakkland
0%
Franciaország
0%
Francie
0%
Francija
0%
Francio
0%
Francja
0%
Francogallia
0%
Francuska
0%
Francúzsko
0%
Frankräich
0%
Frankrig
0%
Frankrijk
0%
Frankryk
0%
Fransiya
0%
Franța
0%
Frantscha
0%
Fülöp-szigetek
0%
Furstadæmin
0%
Gabão
0%
Gabonas
0%
Ga-bông
0%
Gabonia
0%
Gabono
0%
Gabun
0%
Gaiti
0%
Gajana
0%
Gamajka
0%
Gambio
0%
Gambja
0%
Ga-na
0%
Gana
0%
Gána
0%
Ganao
0%
Gappun
0%
Georġja
0%
Germanio
0%
Germaniya
0%
Germanja
0%
Ghabúin
0%
Ghaimbia
0%
Għarabja Sawdita
0%
Ghearmáin
0%
Ghi-nê
0%
Ghi-nê Bít-xao
0%
Ghi-nê Xích Đạo
0%
Ghréig
0%
Ghuáin
0%
Ghuine-Bissau
0%
Giamaica
0%
Gia-mai-ca
0%
Giappone
0%
Giapun
0%
Gi-bu-ti
0%
Gibuti
0%
Gibutio
0%
Gibutum
0%
Gine
0%
Gínea
0%
Ginea
0%
Gínea-Bissá
0%
Ginea-Bissau
0%
Ginea Bissaw
0%
Ginea Ekwatorjali
0%
Gineang Ekwatoriyal
0%
Gine-Bissau
0%
Gini
0%
Gini Bisaw
0%
Gini Gyhydeddol
0%
Gioóc-đa-ni
0%
Giordania
0%
Gitnang Aprika
0%
Gogledd Corea
0%
Gonduras
0%
Gordan
0%
Görögország
0%
Graecia
0%
Grækenland
0%
Grænhöfðaeyjar
0%
Graikija
0%
Granadinas
0%
Grčija
0%
Grčka
0%
Grecja
0%
Greċja
0%
Grécko
0%
Grekio
0%
Grenadiinit
0%
Grenadinai
0%
Grenadine
0%
Grenadinen
0%
Grenadinene
0%
Grenadinerna
0%
Grenadinerne
0%
Grenadines
0%
Grenadine-szigetek
0%
Grenadíneyjar
0%
Grenadini
0%
Grenadinler
0%
Grenadinoj
0%
Grenadiny
0%
Grenadíny
0%
Grenado
0%
Grenadyny
0%
Grenata
0%
Gresya
0%
Gretsiya
0%
Grezia
0%
Griekeland
0%
Griekenland
0%
Griicheland
0%
Grikkland
0%
Gruusia
0%
Gruzia
0%
Grúzia
0%
Gruzie
0%
Gruzija
0%
Gruzínsko
0%
Gruziya
0%
Gruzja
0%
Guathimala
0%
Guiana
0%
Guinea Aequinoctialis
0%
Guinea-Bissaviensis
0%
Guinea Equatorial
0%
Guinea Equatoriala
0%
Guinea Equatoriale
0%
Guinea Khatulistiwa
0%
Guiné-Bissau
0%
Guineea-Bissau
0%
Guineea Ecuatorială
0%
Guinée-Bissau
0%
Guinee-Bissau
0%
Guiné Equatorial
0%
Gujana
0%
Gujano
0%
Güney Afrika
0%
Güney Kore
0%
Güney Sudan
0%
Gürcistan
0%
Gürcüstan
0%
Guwatemala
0%
Gvæjana
0%
Gvajana
0%
Gvatemala
0%
Gvatemalo
0%
Gvinėja
0%
Gvineja
0%
Gvineja Bisao
0%
Gvineja Bisau
0%
Gvineja Bissau
0%
Gvineo
0%
Gvineo Bisaŭa
0%
Gvineya
0%
Gvineya-Bisau
0%
Gwatemala
0%
Gweriniaeth
0%
Gweriniaeth Dominica
0%
Gweriniaeth y Congo
0%
Gwinea
0%
Gwinea Bissau
0%
Gwinea Równikowa
0%
Gwlad Belg
0%
Gwlad Groeg
0%
Gwlad Pwyl
0%
Gwlad Swasi
0%
Gwlad Tai
0%
Gwlad yr Iâ
0%
Gżejjer Marshall
0%
Gżejjer Solomon
0%
Haina
0%
Haipara
0%
Haitia
0%
Haitio
0%
Haitis
0%
Hà Lan
0%
Hamaika
0%
Hamayka
0%
Hāmoa
0%
Hanekari
0%
Hanikeri
0%
Hàn Quốc
0%
Hapanihi
0%
Hapon
0%
Hato Kiti me Newi
0%
Hato Marino
0%
Hato Ruiha
0%
Hato Wāneti me
0%
Hauti Arapia
0%
Héc-xê-gô-vi-na
0%
Heikere
0%
Heirseagaivéin
0%
Helvētia
0%
Henekara
0%
Hēpia
0%
Hercegovina
0%
Hercegovino
0%
Hersegóvína
0%
Herțegovina
0%
Hertsegofina
0%
Hertsegovina
0%
Herzegovina
0%
Herzegowina
0%
Hiina
0%
Hilagang Korea
0%
Hindistan
0%
Hindiston
0%
Hinerangi
0%
Hingapoa
0%
Hīraka
0%
Hiri
0%
Hiria
0%
Hırvatistan
0%
Hispaania
0%
Hispānia
0%
Hispanio
0%
Hiszpania
0%
Hoa Kỳ
0%
Holandia
0%
Holandija
0%
Holandsko
0%
Hollanda
0%
Hollandia
0%
Honduria
0%
Honduro
0%
Hondwras
0%
Hongaria
0%
Hongarije
0%
Hongarye
0%
Hongria
0%
Hongrie
0%
Hononga-o-Amerika
0%
Honotura
0%
Hōrana
0%
Hōrano
0%
Hordanya
0%
Hōria
0%
Horowākia
0%
Horowinia
0%
Horvaatia
0%
Horvátország
0%
Hrvaška
0%
Hūmārie
0%
Hungario
0%
Hung-ga-ri
0%
Hungria
0%
Hurināme
0%
Hūtāne
0%
Hūtāne-ki-te-Tonga
0%
Hviderusland
0%
Hvíta-Rússland
0%
Hviterussland
0%
Hwngari
0%
Hy Lap
0%
Iamaica
0%
Iamáice
0%
Iapani
0%
Iapōnia
0%
Iaráic
0%
Iaráin
0%
Ida-Timor
0%
Iemen
0%
Iémen
0%
Iemenia
0%
Ierland
0%
Iharaira
0%
Ihipa
0%
Iirimaa
0%
Iisrael
0%
IJsland
0%
Ikonisia
0%
Ilandiya
0%
Iles Salomon
0%
Ilhas Marshall
0%
Ilhas Salomão
0%
Illes Salomó
0%
Imene
0%
Indija
0%
Indinéis
0%
Indja
0%
Indland
0%
In-ðô-nê-xi-a
0%
Indonezia
0%
Indonézia
0%
Indonezija
0%
Indonezio
0%
Indoneziya
0%
Indonezja
0%
Indoneżja
0%
Inia
0%
Initia
0%
Initonīhia
0%
Inslas da Marshall
0%
Inslas da Salomon
0%
Insulae Bahamenses
0%
Insulae Comorianae
0%
Insulae Maldivae
0%
Insulae Marsalienses
0%
Insulae Sancti Thomae et Príncipis
0%
Insulae Seisellensis
0%
Insulele Marshall
0%
Insulele Solomon
0%
Iodáil
0%
Iordáin
0%
Iordania
0%
Iordānia
0%
Iordaniya
0%
Iorddonen
0%
Ioritana
0%
Iorua
0%
Ioslainn
0%
Iosrael
0%
Irac
0%
Irakas
0%
Irako
0%
Irāna
0%
Iranas
0%
Irano
0%
Irão
0%
Iraque
0%
Iraquia
0%
I-rắc
0%
Irlandiya
0%
IrlandiyaI
0%
Irlando
0%
Iroq
0%
Irország
0%
Irska
0%
Irsko
0%
Isalaeru
0%
Iseldiroedd
0%
Isiltír
0%
Islandija
0%
Islandiya
0%
Islando
0%
Isole Marshall
0%
Isole Salomone
0%
Ispanija
0%
Ispaniya
0%
Ispanya
0%
Israelo
0%
Isroil
0%
Istočni Timor
0%
Isveç
0%
Isveçrə
0%
Isviçre
0%
Italija
0%
Italio
0%
Italja
0%
Itāria
0%
Itä-Timor
0%
Itävalta
0%
Iukureini
0%
Iunaite Setete
0%
Iurukuei
0%
Ivoorkus
0%
Ivoorkust
0%
Iwerddon
0%
I-xra-en
0%
Izlanda
0%
Iżlanda
0%
Izrael
0%
Iżrael
0%
Izraelis
0%
Jamajka
0%
Jamajko
0%
Janubiy Afrika
0%
Janubiy Koreya
0%
Janubiy Sudan
0%
Japani
0%
Japanio
0%
Japão
0%
Japonia
0%
Japonija
0%
Japonska
0%
Japonsko
0%
Japonya
0%
Jazoir
0%
Jeemen
0%
Jemenas
0%
Jemeno
0%
Jepang
0%
Jerman
0%
Jermenija
0%
Jibuti
0%
Jibwti
0%
Jihoafrická republika
0%
Jižní Korea
0%
Jižní Súdán
0%
Jordanija
0%
Jordanio
0%
Jordánsko
0%
Jungtinė Karalystė
0%
Jungtinės Valstijos
0%
Jungtiniai Arabų
0%
Juodkalnija
0%
Južna Afrika
0%
Južná Afrika
0%
Južna Koreja
0%
Južni Sudan
0%
Južnoafrička Republika
0%
Južný Sudán
0%
Kaap Verde
0%
Kaapverdië
0%
Kabo Berde
0%
Kaboverdo
0%
Kaiana
0%
Kalumbiya
0%
Kamapōtia
0%
Kamarūna
0%
Kamboca
0%
Kamboçya
0%
Kambodja
0%
Kambodscha
0%
Kambodsja
0%
Kambodya
0%
Kambodża
0%
Kambodža
0%
Kambodzsa
0%
Kamboĝo
0%
Kamboja
0%
Kamerūnas
0%
Kameruno
0%
Kanado
0%
Kanata
0%
Kānata
0%
Kāpona
0%
Kapp Verde
0%
Kapuluang Marshall
0%
Kapuluang Salomon
0%
Kapverdy
0%
Karadağ
0%
Kârgâzstan
0%
Kartvelio
0%
Kasachstan
0%
Kasahstan
0%
Kasakhstan
0%
Kasakstan
0%
Katā
0%
Kāta
0%
Katar
0%
Kataras
0%
Kataro
0%
Katatānga
0%
Kazachstan
0%
Kazachstán
0%
Kazachstanas
0%
Kazaĥio
0%
Kazahstan
0%
Kazahsztán
0%
Keenia
0%
Kehitāna
0%
Kelet-Timor
0%
Kemupotia
0%
Kenja
0%
Kenjo
0%
Kerenāra
0%
Kesk-Aafrika Vabariik
0%
Keski-Afrikan tasavalta
0%
Kıbrıs
0%
Kínai Köztársaság
0%
Kīngitanga Kotahi
0%
Kini
0%
Kini-Bissau
0%
Kini Ekuatoria
0%
Kinija
0%
Kini Pihō
0%
Kipar
0%
Kipras
0%
Kirghisia
0%
Kirghizistan
0%
Kirgisia
0%
Kirgisië
0%
Kirgisistan
0%
Kirgistan
0%
Kirgizië
0%
Kirgizio
0%
Kirġiżistan
0%
Kırgızistan
0%
Kirgizistan
0%
Kirgizisztán
0%
Kirgizsko
0%
Kirgizstanas
0%
Kirguizistan
0%
Kiribatis
0%
Kiribato
0%
Kirihi
0%
Kiripati
0%
Kitajska
0%
Kiupa
0%
Koeweit
0%
Kolea i Matu
0%
Kolea i Saute
0%
Kolombië
0%
Kolombio
0%
Kolombiya
0%
Kolombja
0%
Kolomupia
0%
Kolumbie
0%
Kolumbien
0%
Kolumbija
0%
Kolumbiya
0%
Komoorid
0%
Komor adaları
0%
Komorai
0%
Komoren
0%
Komorene
0%
Kómoreyjar
0%
Komori
0%
Komorit
0%
Komorlar
0%
Komoroj
0%
Komory
0%
Kongo Brazavila
0%
Kongo Cumhuriyeti
0%
Kongo, Demokratična republika
0%
Kongo Demokratik Respublikasi
0%
Kongo Demokratinė
0%
Kongo DV
0%
Kongói Demokratikus Köztársaság
0%
Kongói Köztársaság
0%
Kongo Kinŝasa
0%
Kongon demokraattinen
0%
Kongon tasavalta
0%
Kongo Respublika
0%
Kongo Respublikasi
0%
Kongo Vabariik
0%
Konqo Demokratik Respublikası
0%
Konqo Respublikası
0%
Konžská
0%
Koreai Köztársaság
0%
Koreai Népi
0%
Kōrea-ki-te-Raki
0%
Kōrea-ki-te-Tonga
0%
Korea Północna
0%
Korea Południowa
0%
Korea Selatan
0%
Korea ta 'fuq
0%
Korea t'Isfel
0%
Korea Utara
0%
Kórejská
0%
Kórejská republika
0%
Kõrgõzstan
0%
Koroātia
0%
Koromōpia
0%
Kosovas
0%
Kosovia
0%
Kosowo
0%
Kosta Rika
0%
Kosta Ríka
0%
Kosta-Rika
0%
Kostarika
0%
Kostariko
0%
Kostaryka
0%
Koszovó
0%
Kotahitanga o
0%
Kotdivuar
0%
Kot-d'Ivuar
0%
Kotopo
0%
Koto Rika
0%
Közép-afrikai Köztársaság
0%
Kreeka
0%
Kroasia
0%
Kroasië
0%
Kroasya
0%
Kroatija
0%
Kroatio
0%
Kroazja
0%
Kuaki
0%
Kuatamāra
0%
Kubo
0%
Kuperu
0%
Küpros
0%
Kuuba
0%
Kuvait
0%
Kuvajt
0%
Kuvajto
0%
Kúveit
0%
Kuveit
0%
Kuveitas
0%
Küveyt
0%
Kuveyt
0%
Kuwajt
0%
Kuweit
0%
Kuwejt
0%
Kuzey Kore
0%
Kuzey Makedonya
0%
Kýpur
0%
Laitvia
0%
Laonia
0%
Laosas
0%
Laoso
0%
Laosz
0%
Latbiya
0%
Latfia
0%
Läti
0%
Lativia
0%
Latvio
0%
Latvja
0%
Leedu
0%
Lengyelország
0%
Lenkija
0%
Leosóta
0%
Lepanona
0%
Les Grenadines
0%
Lesotas
0%
Lesothum
0%
Lesoto
0%
Lesótó
0%
Letland
0%
Letonija
0%
Letonya
0%
Lettország
0%
Libanas
0%
Li-băng
0%
Libanu
0%
Libanus
0%
Libeeria
0%
Libéir
0%
Liberio
0%
Liberja
0%
Liberya
0%
Libija
0%
Libio
0%
Libja
0%
Lichtenštajnsko
0%
Lichtenšteinas
0%
Lichtenštejnsko
0%
Lichtenstenum
0%
Lichtinstéin
0%
Liên bang
0%
Lihtenštajn
0%
Lihtenştayn
0%
Liĥtenŝtejno
0%
Liibüa
0%
Liobáin
0%
Liotuáin
0%
Litháen
0%
Lithwania
0%
Litouwen
0%
Litovio
0%
Litunia
0%
Litus Eburneum
0%
Lít-va
0%
Litva
0%
Litvánia
0%
Litvanija
0%
Litvanya
0%
Litwa
0%
Litwanja
0%
Liuksemburgas
0%
Livan
0%
Liviya
0%
Lixtenshteyn
0%
Lixtenşteyn
0%
Lotwa
0%
Lotyšsko
0%
Lõuna-Aafrika Vabariik
0%
Lõuna-Korea
0%
Lõuna-Sudaan
0%
Lucembursko
0%
Lucsamburg
0%
Lúc-xăm-bua
0%
Ludovodemokratická
0%
Lufiana
0%
Lüksemburg
0%
Luksemburg
0%
Luksemburgo
0%
Lüksemburq
0%
Lungsod ng
0%
Lussemburgo
0%
Lussemburgu
0%
Lúxemborg
0%
Luxemburgo
0%
Luxemburgum
0%
Luxembursko
0%
Lwcsembwrg
0%
Lyuksemburg
0%
Macaristan
0%
Macarıstan
0%
Macedonia dal Nord
0%
Macedonia del Nord
0%
Macedònia del Nord
0%
Macedonia de Nord
0%
Macedónia do Norte
0%
Macedonia Północna
0%
Macedonië
0%
Maċedonja
0%
Macedónsko
0%
Madagascaria
0%
Madagasgar
0%
Madagaskaras
0%
Madagaskaro
0%
Madagaszkár
0%
Madalmaad
0%
Madaqaskar
0%
Mađarska
0%
Maďarsko
0%
Madžarska
0%
Maenmar
0%
Magħquda
0%
Maikoronihia
0%
Mailí
0%
Makedonija
0%
Makedoonia
0%
Makerōnia-ki-te-Raki
0%
Maketonia
0%
Maladewa
0%
Malaesia
0%
Malaezia
0%
Malàisia
0%
Malaisia
0%
Ma-lai-xi-a
0%
Malaizija
0%
Malajsie
0%
Malájzia
0%
Malajzia
0%
Malajzio
0%
Malásia
0%
Malasia
0%
Malasía
0%
Ma-la-uy
0%
Malaví
0%
Malavi
0%
Malavio
0%
Malavis
0%
Malavium
0%
Malayziya
0%
Malażja
0%
Maldiivid
0%
Maldiv adaları
0%
Maldivas
0%
Maldiven
0%
Maldivene
0%
Maldiverne
0%
Maldíveyjar
0%
Maldivler
0%
Maldivoj
0%
Maldív-szigetek
0%
Maldivy
0%
Maldyvai
0%
Maledivas
0%
Maledive eilande
0%
Malediven
0%
Maledivy
0%
Malediwy
0%
Maleisia
0%
Maleisië
0%
Malezija
0%
Malezja
0%
Malezya
0%
Malio
0%
Malis
0%
Malium
0%
Malo Alapi Lotogatasi
0%
Malo o Dominica
0%
Malto
0%
Manako
0%
Man-đi-vơ
0%
Man-ta
0%
Maracó
0%
Marakāhia
0%
Marako
0%
Mārata
0%
Maratiwa
0%
Marāwi
0%
Ma Rốc
0%
Marēhia
0%
Māri
0%
Marihi
0%
Máritanía
0%
Máritíus
0%
Markaziy Afrika Respublikasi
0%
Marochium
0%
Marokas
0%
Marokash
0%
Maroko
0%
Marrocos
0%
Marşall adaları
0%
Marŝaloj
0%
Maršalo Salos
0%
Maršalska Ostrva
0%
Marshall Adaları
0%
Marshalleilande
0%
Marshalleilanden
0%
Marshalleyjar
0%
Marshallinsaaret
0%
Marshallinselen
0%
Marshallinseln
0%
Marshalli Saared
0%
Marshalløerne
0%
Marshall Orollari
0%
Marshallove ostrovy
0%
Marshallovi otoki
0%
Marshallovy Ostrovy
0%
Marshalløyene
0%
Marshall-szigetek
0%
Maruekos
0%
Mauretania
0%
Mauretanien
0%
Maurici
0%
Maurícia
0%
Mauricijus
0%
Maŭricio
0%
Maurícius
0%
Mauritanija
0%
Maŭritanio
0%
Mauritia
0%
Maurizius
0%
Mavretanija
0%
Mavriki
0%
Mavritaniya
0%
Mavritsiya
0%
Mawrisiws
0%
Mawritania
0%
Mawritanja
0%
Mawrizju
0%
Ma-xê-đô-ni-a
0%
Mazedonien
0%
Mecsico
0%
Mehhiko
0%
Mehico
0%
Mê-hi-cô
0%
Mehika
0%
Mēhiko
0%
Meicsiceo
0%
Mekisiko
0%
Meksika
0%
Meksyk
0%
Melita
0%
Mərakeş
0%
Mərkəzi Afrika Respublikası
0%
Mesir
0%
Messico
0%
Messiku
0%
Mexicum
0%
Mga Estadong Pederado ng Mikronesya
0%
Mhacadóin Thuaidh
0%
Mhalaeisia
0%
Mhaláiv
0%
Mháratáin
0%
Mheánchriosach
0%
Mholdóiv
0%
Mhongóil
0%
Mhósaimbíc
0%
Mi-an-ma
0%
Mianmar
0%
Micrinéise
0%
Micronezia
0%
Micronisia
0%
Mið-Afríkulýðveldið
0%
Miðbaugs-Gínea
0%
Mikroneesia
0%
Mikronesiaføderasjonen
0%
Mikronesiens federerade
0%
Mikronézia
0%
Mikronéziai Szövetségi Államok
0%
Mikronezija
0%
Mikronezije
0%
Mikronezijos Federacinės
0%
Mikronezio
0%
Mikroneziya
0%
Mikronezja
0%
Mikronezya Federal
0%
Misir
0%
Mısır
0%
Misr
0%
Mjanma
0%
Mjanmar
0%
Mjanmarsko
0%
Moçambic
0%
Moğolistan
0%
Mohapiki
0%
Moldavia
0%
Moldávia
0%
Moldàvia
0%
Moldavija
0%
Moldavio
0%
Moldavsko
0%
Mołdawia
0%
Moldawien
0%
Moldofa
0%
Moldowa
0%
Monakas
0%
Mông Cổ
0%
Mongolei
0%
Mongolija
0%
Mongolio
0%
Mongoliya
0%
Mongolja
0%
Mongolsko
0%
Mongoolia
0%
Mongōria
0%
Monoecus
0%
Monokolia
0%
Monotenīkoro
0%
Monqolustan
0%
Mons Leoninus
0%
Mons Niger
0%
Montainéagró
0%
Monteneqro
0%
Mô-ri-ta-ni
0%
Moritanya
0%
Morotawa
0%
Mosambic
0%
Mosambiek
0%
Mosamubike
0%
Motu Horomona
0%
Motu Marshall
0%
Moutere Māhara
0%
Mozambic
0%
Mozambico
0%
Mozambicum
0%
Mozambik
0%
Możambik
0%
Mozambikas
0%
Mozambiko
0%
Muntenegru
0%
Namaib
0%
Namibien
0%
Namibio
0%
Namibja
0%
Namibya
0%
Nam-phi
0%
Nam Xu-đăng
0%
Nárú
0%
Naujoji Zelandija
0%
Nauro
0%
Na uy
0%
Nawrw
0%
Nēderlandia
0%
Nederlando
0%
Nehe me Papura
0%
Neipeal
0%
Neiséiland
0%
Nemačka
0%
Nemčija
0%
Německo
0%
Nemecko
0%
Németország
0%
Nepalas
0%
Nepalia
0%
Nepalo
0%
Nê-pan
0%
Nepōra
0%
Netalani
0%
Neuseeland
0%
Nevis
0%
Nga
0%
Ngāika
0%
Ngāitiria
0%
Nhật Bản
0%
Nicaragwa
0%
Nicearagua
0%
Niderland
0%
Niderlandiya
0%
Niederlande
0%
Nieu-Seeland
0%
Nieuw-Zeeland
0%
Nigeeria
0%
Nigéir
0%
Nigerija
0%
Niĝerio
0%
Nigeris
0%
Nigeriya
0%
Niġerja
0%
Niĝero
0%
Nígir
0%
Nijer
0%
Nijerya
0%
Nikaragva
0%
Níkaragva
0%
Nikaragvo
0%
Nikaragwa
0%
Nikaraqua
0%
Niu Di-lân
0%
Niu Sila
0%
Nizozemska
0%
Nizozemsko
0%
Njemačka
0%
Noord-Korea
0%
Noord-Macedonië
0%
Noorweë
0%
Noorwegen
0%
Nord-Koreio
0%
Nord-Makedonio
0%
Nordmazedonien
0%
Norður-Kórea
0%
Noregur
0%
Norja
0%
Norra
0%
Norsko
0%
Nórsko
0%
Norsunluurannikko
0%
Norveç
0%
Norvégia
0%
Norvēgia
0%
Norvegia
0%
Norvegija
0%
Norvegio
0%
Norvegiya
0%
Norveġja
0%
Norveška
0%
Norwega
0%
Norwegen
0%
Norwegia
0%
Norwy
0%
Noua Zeelandă
0%
Nouei
0%
Nova Zelanda
0%
Nova Zelandia
0%
Nova Zelândia
0%
Nova Zelandija
0%
Novi Zeland
0%
Nový Zéland
0%
Nov-Zelando
0%
Nowa Zelandia
0%
Nōwei
0%
Nua-Ghuine Phapua
0%
Nua-Shéalainn
0%
Nuova Zelanda
0%
Nyderlandai
0%
Nýja-Sjáland
0%
Obala Bjelokosti
0%
Obala Slonovače
0%
Oeganda
0%
Oekraïne
0%
Oesbekistan
0%
Oezbekistan
0%
Oileáin Chomóra
0%
Oileáin Fhilipíneacha
0%
Oileáin Marshall
0%
Oileáin Mhaildíve
0%
Oileáin Mhuirís
0%
Oileáin na Tríonóide agus Tobága
0%
Oileáin Sholamón
0%
Olanda
0%
Olaszország
0%
Omāna
0%
Omanas
0%
Omano
0%
Oostenrijk
0%
Oostenryk
0%
Oos-Timor
0%
Oost-Timor
0%
Orasul Vatican
0%
Orienta Timoro
0%
Orményország
0%
Oroszország
0%
Orta Afrika Cumhuriyeti
0%
Oseteria
0%
Ostair
0%
Ostrig
0%
Ouganda
0%
Ox-trây-li-a
0%
Ozarbayjon
0%
Ozbəkistan
0%
Ozbekistan
0%
O'zbekiston
0%
Paapua Uus-Guinea
0%
Paesi Bassi
0%
Pāhama
0%
Países Baixos
0%
Països Baixos
0%
Pajais Bass
0%
Pajjiżi l-Baxxi
0%
Pākaratēhi
0%
Pakisitana
0%
Pakistanas
0%
Pakistania
0%
Pakistano
0%
Pakisztán
0%
Pakitāne
0%
Pa-ki-xtan
0%
Palaos
0%
Palaŭo
0%
Palaw
0%
Panamo
0%
Pāniora
0%
Pantai Gading
0%
Pāpatohe
0%
Papoea-Nieu-Guinee
0%
Papoea-Nieuw-Guinea
0%
Papua Guinea Newydd
0%
Papua Naujoji Gvinėja
0%
Papua-Neiguinea
0%
Papua-Neuguinea
0%
Pa-pua Niu Ghi-nê
0%
Papua Niu Kini
0%
Papua Noua Guinee
0%
Papua Nova Guiné
0%
Papua-Nová Guinea
0%
Papua-Nova-Guinea
0%
Papua Nova Guinea
0%
Papua Nova Gvineja
0%
Papua-Nowa Gwinea
0%
Papua Nugini
0%
Papua Nūkini
0%
Papua Nuova Guinea
0%
Papua Ny-Guinea
0%
Papua Ny Guinea
0%
Papúa Nýja-Gínea
0%
Pápua Új-Guinea
0%
Papua Yangi Gvineya
0%
Papua Yeni Gine
0%
Papua-Yeni Qvineya
0%
Papuo-Nov-Gvineo
0%
Papwa Ginea Ġdida
0%
Paquistão
0%
Paraguaj
0%
Paragvæ
0%
Paragvaj
0%
Paragvajo
0%
Paragvajus
0%
Paragvay
0%
Paragwâi
0%
Paragwaj
0%
Paragway
0%
Parakai
0%
Parakuei
0%
Paraquaria
0%
Paraqvay
0%
Paratiamu
0%
Pārau
0%
Pāreina
0%
Parīhi
0%
Pasila
0%
Peiriú
0%
Peleseuma
0%
Pelisi
0%
Pēma
0%
Pēnina
0%
Penrhyn Verde
0%
Perancis
0%
Pērara
0%
Peretania
0%
Pērihi
0%
Periw
0%
Persatuan Kerajaan
0%
Peruo
0%
Peruu
0%
Peruvia
0%
Phacastáin
0%
Pháp
0%
Philipinau
0%
Philippīnae
0%
Philippinen
0%
Philippinnen
0%
Phần Lan
0%
Phoblacht
0%
Pholainn
0%
Phortaingéil
0%
Pietų Afrikos
0%
Pietų Korėja
0%
Pietų Sudanas
0%
Piripīni
0%
Poblacht Dhaonlathach
0%
Poblacht na
0%
Pobrežie Slonoviny
0%
Pobřeží slonoviny
0%
Põhja-Korea
0%
Pohjois-Korea
0%
Pohjois-Makedonia
0%
Poho o Pita
0%
Pokiston
0%
Polandia
0%
Polevia
0%
Poljska
0%
Pollando
0%
Pologna
0%
Polonja
0%
Polonya
0%
Polşa
0%
Poľsko
0%
Polsko
0%
Południowej Afryki
0%
Pōngia-Herekōmina
0%
Poola
0%
Popularis Congensis
0%
Pōrana
0%
Poriwana
0%
Poriwia
0%
Poronai
0%
Portekiz
0%
Portiwgal
0%
Portugalia
0%
Portugália
0%
Portugalija
0%
Portugalio
0%
Portugaliya
0%
Portugall
0%
Portugallia
0%
Portugalska
0%
Portugalsko
0%
Portuqaliya
0%
Potukale
0%
Potukara
0%
Prancūzija
0%
Pransiya
0%
Prantsusmaa
0%
Príncipe
0%
Princov ostrov
0%
Prinsipe
0%
Prin-xi-pê
0%
Promontorium Viride
0%
Przylądka
0%
Pūkina
0%
Purukāria
0%
Puruniti
0%
Pusiaujo Gvinėja
0%
Putāna
0%
Qabon
0%
Qambiya
0%
Qana
0%
Qayana
0%
Qazaxıstan
0%
Qətər
0%
Qırğızıstan
0%
Qirg'iziston
0%
Qozog'iston
0%
Qrenada
0%
Quataria
0%
Quênia
0%
Quirguistão
0%
Quần đảo Marshall
0%
Quần đảo Phi-gi
0%
Quần đảo Solomon
0%
Quvayt
0%
Qvatemala
0%
Qvineya
0%
Qvineya-Bisau
0%
Raipiri
0%
Rakapuō
0%
Rakousko
0%
Rakúsko
0%
Rāoho
0%
Rāwana
0%
Rāwhia
0%
Recko
0%
Regatul Unit
0%
Reginavel Unì
0%
Regne Unit
0%
Regno Unito
0%
Regnum Ūnītum
0%
Reino Unido
0%
Renju Unit
0%
Repanona
0%
Repubblica Ceca
0%
Repubblica Centrafricana
0%
Repubblica del Congo
0%
Repubblica Democratica
0%
Repubblika Demokratika
0%
Repubblika Dominikana
0%
Repubblika tal-Kongo
0%
Republica Centrafricana
0%
Republica Centrafricană
0%
República Centreafricana
0%
República Checa
0%
Republica Congo
0%
Republica dal Congo
0%
República del Congo
0%
Republica Democrată
0%
Republica Democrata
0%
República Democràtica
0%
República Democrática
0%
República do Congo
0%
Republica Tscheca
0%
Republiek
0%
Republiek Congo
0%
Republiek van die Kongo
0%
Republika Konga
0%
Republika Kongo
0%
Republika ng
0%
Republika ng Congo
0%
Republikang Dominikana
0%
Republikang Tseko
0%
Republika Zielonego
0%
Republik Congo
0%
Republik Demokratik
0%
Republik Dominika
0%
Republikken Congo
0%
Republikken Kongo
0%
Republik Kongo
0%
Respublica Democratica Congensis
0%
Respublica Dominicana
0%
Rēs Pūblica Irlandiae
0%
Respublica Mediae Africae
0%
Rēs Pūblica Sancti Marīni
0%
Respublika
0%
Reyno Unido
0%
Rīkeneteina
0%
Ríocht Aontaithe
0%
Ripapelika
0%
Rīpia
0%
Rituānia
0%
Roemenië
0%
Roheneemesaared
0%
Rómáin
0%
Rōmeinia
0%
Romênia
0%
Romunija
0%
Rootsi
0%
Rosja
0%
Rovníková Guinea
0%
Ruando
0%
Rūhia
0%
Rúis
0%
Rumænien
0%
Rumania
0%
Rumanio
0%
Rumeenia
0%
Rumıniya
0%
Ruminiya
0%
Rumunia
0%
Rumunija
0%
Rumunjska
0%
Rumunsko
0%
Rusija
0%
Rusio
0%
Rusiya
0%
Rusko
0%
Russja
0%
Rusya
0%
Rwmania
0%
Rwsia
0%
Rytų Timoras
0%
Saalomoni Saared
0%
Sádí-Arabía
0%
Saimbia
0%
Saina
0%
Saint-Christophe-
0%
Saint Christopher i Nevis
0%
Saint Kitts an Nevis
0%
Saint Kitts dan Nevis
0%
Saint Kitts e Nevis
0%
Saint Kitts en Nevis
0%
Saint Kitts és Nevis
0%
Saint Kitts i Nevis
0%
Saint Kitts in Nevis
0%
Saint Kitts ja Nevis
0%
Saint Kitts ma Nevis
0%
Saint Kitts og Nevis
0%
Saint Kitts u Nevis
0%
Saint Kitts và Nevis
0%
Saint Kitts ve Nevis
0%
Saint Vincent dan
0%
Saint Vincent en de
0%
Saint Vincent és a
0%
Saint-Vincent-et-les-
0%
Saint Vincent i
0%
Saint Vincent in Grenadine
0%
Saint Vincent ja
0%
Saint Vincent ja Grenadiinid
0%
Saint Vincent og
0%
Saint Vincent và
0%
Saint Vincent ve
0%
Sakartvelas
0%
Saksamaa
0%
Salamon-szigetek
0%
Salamounovy ostrovy
0%
Salamúnove ostrovy
0%
Saliamono Salos
0%
Salomonen
0%
Salomonis Insulae
0%
Salomonöarna
0%
Salomonøerne
0%
Salomonoj
0%
Salomonovi otoki
0%
Salomonøyene
0%
Salomonseilanden
0%
Salómonseyjar
0%
Salvadóir
0%
Salvadoras
0%
Salvadoro
0%
Salvatoria
0%
Salwador
0%
Sameinuðu Arabísku
0%
Samoo
0%
San Críostóir-Nimheas
0%
Sancta Lucia
0%
Sanctus Christophorus et Nives
0%
Sanctus Vincentius et Granatinae
0%
Sankta-Kito kaj Neviso
0%
Sankta Lucio
0%
Sankta Vincento kaj
0%
Sankti Kristófer og
0%
Sankti Lúsía
0%
Sankti Vinsent og
0%
San Lucia
0%
San Mairíne
0%
San Marinas
0%
Santa Lucia
0%
Santa Lúcia
0%
Santa Luċija
0%
Sant Kitts-Nevis
0%
Sant Lwsia
0%
Santo Kitts at Nevis
0%
San Tomė ir Prinsipė
0%
Santomeo kaj Principeo
0%
San Tome va Prinsipi
0%
San-Tome və Prinsipi
0%
Santo Tomas at
0%
Santo Vincent at ang
0%
Sant Vincent
0%
San Uinseann agus na Greanáidíní
0%
San Vinċenz u
0%
São Cristóvão
0%
Saoedi-Arabië
0%
São Tomé agus Príncipe
0%
São Tomé a Príncipe
0%
Sao Tome dan Principe
0%
Sao Tomé en Principe
0%
São Tomé en Príncipe
0%
São Tomé e Príncipe
0%
Sao Tome e Principe
0%
São Tomé és Príncipe
0%
Sao Tomé-et-Principe
0%
Sao Tome in Príncipe
0%
São Tomé i Príncipe
0%
São Tomé ja Príncipe
0%
São Tomé ma Príncipe
0%
São Tomé och
0%
São Tomé og Príncipe
0%
Saó Tóme og Prinsípe
0%
São Tomé și Príncipe
0%
São Tomé und
0%
São Tomé u Príncipe
0%
São Tomé ve Príncipe
0%
São Vicente e
0%
Sauda Arabio
0%
Saudi Alapi
0%
Saudi-Arabien
0%
Saudiarabien
0%
Saudijska Arabija
0%
Saudiya Arabistoni
0%
Saudo Arabija
0%
Saudova Arabija
0%
Saudská Arábia
0%
Saúdská Arábie
0%
Savezne Države
0%
Sawdi Arabia
0%
Sbaen
0%
Schwäiz
0%
Schweden
0%
Sead
0%
Seapáin
0%
Séc
0%
Seic
0%
Seineagáil
0%
Seirbia
0%
Séiséil
0%
Seišeliai
0%
Seišellid
0%
Sejšeli
0%
Sejŝeloj
0%
Selandia Baru
0%
Seland Newydd
0%
Senegalas
0%
Senegalia
0%
Senegalo
0%
Seneqal
0%
Sent Kitsas ir Nevis
0%
Sent Kits i Nevis
0%
Sent Kits və Nevis
0%
Sent Kitts va Nevis
0%
Sent Lusija
0%
Sent-Lüsiya
0%
Sent Lyusiya
0%
Sentraal-Afrikaanse Republiek
0%
Sent Vinsentas ir
0%
Sent Vinsent i
0%
Sent Vinsent va Grenadinlar
0%
Sent-Vinsent və Qrenadin
0%
Seoirsia
0%
Sepania
0%
Serbija
0%
Serbio
0%
Serbiya
0%
Serbja
0%
Sərqi Timor
0%
Serra Leoa
0%
Sérvia
0%
Servië
0%
Serwië
0%
Seszele
0%
Səudiyyə Ərəbistanı
0%
Severna Koreja
0%
Severna Makedonija
0%
Severní Korea
0%
Seychellas
0%
Seychellen
0%
Seychellene
0%
Seychellerne
0%
Seychelleseyjar
0%
Seychelle-szigetek
0%
Seychellit
0%
Seychely
0%
Seyşel adaları
0%
Seyşeller
0%
Seyshell Orollari
0%
Sfânta Lucia
0%
Sfântul Cristofor și Nevis
0%
Sfântul Vicențiu și
0%
Sharqiy Timor
0%
Shili
0%
Shimoliy Koreya
0%
Shimoliy Makedoniya
0%
Shri Lanka
0%
Shvetsiya
0%
Shveysariya
0%
Siamani
0%
Siarra Leon
0%
Siaurės Korėja
0%
Siaurės Makedonija
0%
Siekia
0%
Siera Leonė
0%
Sieraleono
0%
Sigapoa
0%
Sijera Leone
0%
Silangang Timor
0%
Sile
0%
Síle
0%
Sili
0%
Simali Koreya
0%
Simali Makedoniya
0%
Simbabve
0%
Sīnae
0%
Síne
0%
Singapoer
0%
Singapūras
0%
Singapuro
0%
Singeapór
0%
Sinqapur
0%
Sint Kitts en Nevis
0%
Sint Lucia
0%
Sint Vincent en die
0%
Siombáib
0%
Síp
0%
Siprus
0%
Sırbistan
0%
Síria
0%
Siria
0%
Sirië
0%
Sirija
0%
Sirio
0%
Sirja
0%
Sirya
0%
Sjedinjene Američke
0%
Sjedinjene Države
0%
Sjeverna Koreja
0%
Sjina
0%
Slofacia
0%
Slofenia
0%
Slóivéin
0%
Słoniowej
0%
Slonokoščena obala
0%
Slovacchia
0%
Slovachia
0%
Slovacia
0%
Slovačka
0%
Slóvaic
0%
Slovakiet
0%
Slovakio
0%
Slovakkja
0%
Slovakya
0%
Slovaška
0%
Sloveenia
0%
Slovėnija
0%
Slovenija
0%
Slovenio
0%
Sloveniya
0%
Slovenja
0%
Slovensko
0%
Slovenya
0%
Slovinsko
0%
Słowacja
0%
Slowakei
0%
Slowakia
0%
Slowakije
0%
Slowakye
0%
Słowenia
0%
Slowenië
0%
Slowenien
0%
Soedan
0%
Solomon adaları
0%
Solomon Adaları
0%
Solomon Orollari
0%
Solomonova ostrva
0%
Solomonseilande
0%
Solovakia
0%
Solovenia
0%
Somáil
0%
Somalio
0%
Somalis
0%
Somalja
0%
Somálsko
0%
Son Cristof e Nevis
0%
Son Marin
0%
Sontga Lucia
0%
Son Vincenz e las
0%
Soome
0%
Sør-Afrika
0%
Sør-Korea
0%
Sør-Sudan
0%
Spagna
0%
Spáinn
0%
Spanělsko
0%
Spania
0%
Spanielsko
0%
Spanija
0%
Spanja
0%
Spanje
0%
Spanjolska
0%
Spánn
0%
Spanyol
0%
Spanyolország
0%
Spojené arabské
0%
Spojené království
0%
Spojené kráľovstvo
0%
Spojené štáty
0%
Spojené státy
0%
Spuenien
0%
Srbija
0%
Srbsko
0%
Srednjeafriška republika
0%
Srednjoafrička Republika
0%
Sri Lanca
0%
Srí Lanca
0%
Srilanko
0%
Srodkowoafrykańska
0%
Stadis Unids
0%
Stáit Aontaithe
0%
Stany Zjednoczone
0%
Statele Federative din
0%
Statele Unite
0%
Stati Federati
0%
Stati Federati di
0%
Stati Uniti
0%
St. Kitts und Nevis
0%
Storbritannia
0%
Stredoafrická republika
0%
Středoafrická republika
0%
St. Vincent und die
0%
Sualainn
0%
Suasilani
0%
Suazia
0%
Sud-Afriko
0%
Súdáin
0%
Súdáin Theas
0%
Sudanas
0%
Sudan dal Sid
0%
Sudan del Sud
0%
Sudania
0%
Sudania Australis
0%
Sudan i Saute
0%
Sudano
0%
Sudan Południowy
0%
Sudan Selatan
0%
Sudan t'Isfel
0%
Sudanul de Sud
0%
Sudão
0%
Sudão do Sul
0%
Sud-Koreio
0%
Sud-Sudano
0%
Suður-Afríka
0%
Suður-Kórea
0%
Suður-Súdan
0%
Suedia
0%
Suetena
0%
Suētia
0%
Suíça
0%
Suid-Afrika
0%
Suid-Korea
0%
Suid-Soedan
0%
Suïssa
0%
Suitiselani
0%
Suomija
0%
Suranam
0%
Suriah
0%
Surinamas
0%
Surinamia
0%
Surinamo
0%
Suriya
0%
Suriye
0%
Suudi Arabistan
0%
Süüria
0%
Suwisa
0%
Svaasimaa
0%
Svájc
0%
Svajcarska
0%
Svajčiarsko
0%
Svartfjallaland
0%
Svasíland
0%
Svätá Lucia
0%
Svatá Lucie
0%
Svätý Krištof a
0%
Svatý Kryštof a Nevis
0%
Svatý Tomáš
0%
Svätý Tomáš a
0%
Svatý Vincenc a
0%
Svätý Vincent a
0%
Svazi
0%
Svaziio
0%
Svazijsko
0%
Svazilend
0%
Svedija
0%
Svedio
0%
Svédország
0%
Svedska
0%
Svédsko
0%
Sveicarija
0%
Sveta Lucija
0%
Sveti Kristofor i
0%
Sveti Toma i Princip
0%
Sveti Vincent i
0%
Svezia
0%
Svica
0%
Svicarska
0%
Svislando
0%
Sviss
0%
Svíþjóð
0%
Svizzera
0%
Svýcarsko
0%
Swasiland
0%
Swazilàndia
0%
Swazimaa
0%
Swdan
0%
Swedia
0%
Swiss
0%
Swistir
0%
Swrinam
0%
Syerra-Leone
0%
Sýrland
0%
Szamoa
0%
Szaúd-Arábia
0%
Szenegál
0%
Szerbia
0%
Szingapúr
0%
Szíria
0%
Szlovákia
0%
Szlovénia
0%
Szomália
0%
Szudán
0%
Szváziföld
0%
Szwajcaria
0%
Szwecja
0%
Taani
0%
Tacikistan
0%
Tadjikistan
0%
Tadschikistan
0%
Tadsjikistan
0%
Tadžikistan
0%
Tádžikistán
0%
Tadžikistanas
0%
Tadzikistania
0%
Tadzjikistan
0%
Tádzsikisztán
0%
Tadżykistan
0%
Tævan
0%
Taĝikio
0%
Tagikistan
0%
Taġikistan
0%
Ta-gi-ki-xtan
0%
Tahikitāna
0%
Taialani
0%
Táidsíceastáin
0%
Tailanda
0%
Tailandas
0%
Tailândia
0%
Tailàndia
0%
Tairana
0%
Taiuani
0%
Taivanas
0%
Taivania
0%
Taiwana
0%
Tajicistan
0%
Tajiquistão
0%
Tajland
0%
Tajlandia
0%
Tajlandja
0%
Tajlando
0%
Tajska
0%
Tajvan
0%
Tajvano
0%
Tajwan
0%
Take
0%
Tākei
0%
Taleithiau Ffederal
0%
Taliansko
0%
Tal-Kongo
0%
Tal-Mikronesja
0%
Tāmipia
0%
Tānahia
0%
Tan-da-ni-a
0%
Tanjung Verde
0%
Tansáin
0%
Tanzanio
0%
Tanzanya
0%
Tây Ban Nha
0%
Tayland
0%
Tayvan
0%
Téalainn
0%
Te Araone
0%
Téaváin
0%
Te Kamopia
0%
Tékkland
0%
Te Kūrae Matomato
0%
Te Moutere
0%
Tenemāka
0%
Tenimaka
0%
Te Pāpaka-a-Māui
0%
Te Puku o Āwherika
0%
Teroto
0%
Te Tai Rei
0%
Te Whakaora
0%
Te Whenua o Kōngo
0%
Te Whenua Tominika
0%
Thaiföld
0%
Thailanda
0%
Thajsko
0%
Thành Vatican
0%
Thổ-nhĩ-kỳ
0%
Thụỵ Sĩ
0%
Thụy Điển
0%
Tiamani
0%
Tīekia
0%
Tīmoa-ki-te-Rāwhiti
0%
Timog Africa
0%
Timog Korea
0%
Timog Sudan
0%
Timokiratika
0%
Timor da l'Ost
0%
Timor Est
0%
Timoria Orientalis
0%
Timor Oriental
0%
Timorul de Est
0%
Timor Wschodni
0%
Timuwawe
0%
Tiorangi
0%
Tipūti
0%
Tirchia
0%
Tirinaki-Tāpako
0%
Tiwnisia
0%
Tjekkiet
0%
Tóga
0%
Toga
0%
Togas
0%
Togolando
0%
Togum
0%
Tojikiston
0%
Toko
0%
Tomasza i Książeca
0%
Tominika
0%
Tongo
0%
Tonqa
0%
Toqo
0%
Törökország
0%
Trinidad an Tobago
0%
Trinidadas ir Tobagas
0%
Trinidad a Thobago
0%
Trinidad at Tobago
0%
Trinidad dan Tobago
0%
Trinidad en Tobago
0%
Trinidad és Tobago
0%
Trinidad e Tobago
0%
Trinidad in Tobago
0%
Trinidad i Tobago
0%
Trinidad ja Tobago
0%
Trinidad ma Tobago
0%
Trinidad och Tobago
0%
Trínidad og Tóbagó
0%
Trinidad og Tobago
0%
Trinidado kaj Tobago
0%
Trinidad și Tobago
0%
Trinidad und Tobago
0%
Trinidad u Tobago
0%
Trinidad va Tobago
0%
Trinidad và Tobago
0%
Trinidad ve Tobago
0%
Trinidad və Tobaqo
0%
Trinitas et Tabacum
0%
Trinitat i Tobago
0%
Triều Tiên
0%
Trung Quốc
0%
Trynidad i Tobago
0%
Tschad
0%
Tschechien
0%
Tšehhi
0%
Tsiad
0%
Tsiecia
0%
Tsieina
0%
Tšiili
0%
Tsina
0%
Tsipre
0%
Tsjaad
0%
Tsjad
0%
Tsjechië
0%
Tsjeggiese Republiek
0%
Tsjekkia
0%
Tuatemala
0%
Tuốc-mê-ni-xtan
0%
Túinéis
0%
Tuirc
0%
Tuircméanastáin
0%
Tukumanatāna
0%
Tuneesia
0%
Tunesia
0%
Tunesië
0%
Tunesien
0%
Tunézia
0%
Tuneżija
0%
Tunezja
0%
Tūnihia
0%
Tunisas
0%
Tunisko
0%
Tunizija
0%
Tunizio
0%
Tunus
0%
Turchia
0%
Turcia
0%
Turčija
0%
Turcja
0%
Turcmenia
0%
Turecko
0%
Türgi
0%
Türkei
0%
Turkija
0%
Turkije
0%
Turkio
0%
Turkmaniston
0%
Turkmenio
0%
Turkmėnistanas
0%
Türkmenisztán
0%
Turkménsko
0%
Turkye
0%
Turquemenistão
0%
Turska
0%
Tuvalo
0%
Tūwaru
0%
Twfalw
0%
Twrci
0%
Txad
0%
Txequia
0%
Tyrcmenistan
0%
Tyrkia
0%
Tyrkiet
0%
Tyrkland
0%
Tzadia
0%
U-dõ-bê-ki-xtan
0%
Ugando
0%
Uhendkuningriik
0%
Uhipeketāne
0%
Uisbéiceastáin
0%
Ujedinjeni
0%
Ujedinjeni Arapski
0%
Ujedinjeno Kraljevstvo
0%
Uj-Zéland
0%
Ukānga
0%
Ukareinga
0%
Ukrainio
0%
Ukrajina
0%
Ukrajna
0%
Ukrayna
0%
Ummon
0%
Ungáir
0%
Ungari
0%
Ungaria
0%
Ungarn
0%
Ungerija
0%
Ungverjaland
0%
Unidos
0%
Uni Emirat Arab
0%
Unol Daleithiau
0%
Unuiĝintaj Arabaj Emirlandoj
0%
Uqanda
0%
Uraquaria
0%
Urdün
0%
Uruguaj
0%
Urúgvæ
0%
Urugvaj
0%
Urugvajo
0%
Urugvajus
0%
Urugvay
0%
Urugwaj
0%
Urugway
0%
Urukuai
0%
Uruqvay
0%
Usbekistan
0%
Uusi-Seelanti
0%
Uus-Meremaa
0%
Uzbecia
0%
Uzbegisztán
0%
Uzbekio
0%
Uzbekistanas
0%
Uzbequistão
0%
Valgevene
0%
Valstijos
0%
Vanuatuo
0%
Vanwatu
0%
Vaticaanstad
0%
Vatikaanstad
0%
Vatikanas
0%
Vatíkanið
0%
Vatikanstad
0%
Vatikanstadt
0%
Vatikánvárosi Állam
0%
Veiniséala
0%
Velika Britanija
0%
Veneçuela
0%
Venecuela
0%
Venemaa
0%
Venetiola
0%
Vê-nê-xu-ê-la
0%
Venezuelo
0%
Vengrija
0%
Vengriya
0%
Vereenegt
0%
Vereenegt Kinnekräich
0%
Vereenegt Staate
0%
Vereinigte Arabische
0%
Vereinigtes Königreich
0%
Vereinigte Staaten
0%
Verenigde Arabische
0%
Verenigde Koninkryk
0%
Verenigde Staten
0%
Verenigde State van Amerika
0%
Verenigd Koninkrijk
0%
Vestur-Kongó
0%
Viatename
0%
Vietnamas
0%
Vietnamia
0%
Viti
0%
Việt Nam
0%
Vítneam
0%
Vjetnamio
0%
Vokietija
0%
Vương quốc Anh
0%
Východní Timor
0%
Východný Timor
0%
Vyetnam
0%
Vzhodni Timor
0%
Wäissrussland
0%
Warerangi
0%
Watykan
0%
Wcráin
0%
Węgry
0%
Wenehūera
0%
Wenezuela
0%
Wganda
0%
Whenuatū
0%
Whītī
0%
Whitināmu
0%
Whitirana
0%
Wielka Brytania
0%
Wietnam
0%
Wītana
0%
Wit Rusland
0%
Wīwī
0%
Włochy
0%
Wrwgwái
0%
Wsbecistan
0%
Wybrzeże Kości
0%
Wyspy Marshalla
0%
Wyspy Salomona
0%
Wyspy Świętego
0%
Xao Tô-mê và
0%
Xây-sen
0%
Xi-ê-ra Lê-ôn
0%
Xinh-ga-po
0%
Xipre
0%
Xi-ri-lan-ca
0%
Xi-ry
0%
Xitoy
0%
Xlô-va-ki-a
0%
Xoa-di-len
0%
Xorvatiya
0%
Xu-đăng
0%
Xu-ri-nam
0%
Yaman
0%
Yamayka
0%
Yangi Zelandia
0%
Yaponiya
0%
Yeni Zelanda
0%
Yeni Zelandiya
0%
Yeşil Burun
0%
Yhdistynyt
0%
Ynysoedd Marshall
0%
Ynysoedd Solomon
0%
Yordania
0%
Yskaland
0%
Ysland
0%
Yuanani
0%
Yunanıstan
0%
Yunanistan
0%
Zaliasis Kyšulys
0%
Zambio
0%
Zambja
0%
Združene države Amerike
0%
Združeni arabski emirati
0%
Zelenortska Ostrva
0%
Zelenortski Otoci
0%
Zelenortski otoki
0%
Zentralafrikanesch
0%
Zentralafrikanische Republik
0%
Zimbabuia
0%
Zimbabve
0%
Zimbabvė
0%
Zimbabvo
0%
Zjednoczone Emiraty
0%
Zold-foki Köztársaság
0%
Zuid-Afrika
0%
Zuid-Korea
0%
Zuid-Soedan
0%
Zvezja
0%
Zvizzera
0%
Zweden
0%
Zwitserland
0%
Zypern
0%

Score Distribution

Percentile by Number Answered

Percent of People with Each Score

Your Score History

You have not taken this quiz